00745cam a2200229 a 4500001001300000003000400013005001700017008004100034010001700075040001300092041001300105043001200118050002400130111008600154245008100240260003400321300002900355546002600384500004400410651004400454999001700498sa 68010042 DLC20260227112549.0810130s1968 ii 100 0 eng  asa 68010042  aDLCcDLC0 aengatam aa-ii---00aDS484.4b.I58 1968a2 aInternational Conference-Seminar of Tamil Studiesn(2nd :d1968 :cMadras, India)10aAbstracts of papers /cII Internationsl Conference-Seminar of Tamil Studies. aMadras :b[Hoe & Co.?,c1968] a1 v. (unpaged) ;c22 cm. aIn English and Tamil. a"January 3 to 10, 1968, Madras, India." 0aIndia, SouthxCivilizationvCongresses. c83290d83290